000 01416nam a22001937a 4500
999 _c59744
_d59744
003 Ge_BSU
005 20230410114902.0
008 230410s1998 ge ||||| |||| 00| 0 geo d
041 _ageo
080 _a314(479.22)+94(479.22:470) ჯ-14
100 _aჯავახიშვილი, ივანე
_917570
245 _aდემოგრაფიული პროცესები და საქართველოს ტერიტორიული მთლიანობის საკითხი რუსეთ-საქართველო-სომხეთის ურთიერთობაში (XIX-XX სს.) /
_cტექსტი გამოსაც. მოამზადეს... ვახტანგ გურულმა, ავთანდილ არაბულმა და მერაბ ვაჩნაძემ ; [რედ.: მარიამ ლორთქიფანიძე].
264 _aთბილისი :
_b ინტელექტი,
_c1998.
300 _a44 გვ. ;
_b20 სმ.
653 _aსაქართველოს დემოგრაფია
653 _aსაქართველოს ტერიტორიული მთლიანობა.
653 _aრუსეთ-საქართველო-სომხეთის ურთიერთობების ისტორია.
942 _2udc
_cBK